LEADER 00941nam0-22003011i-450- 001 990001439850403321 005 20090716124936.0 010 $a0-387-98531-X 035 $a000143985 035 $aFED01000143985 035 $a(Aleph)000143985FED01 035 $a000143985 100 $a20001205d1998----km-y0itay50------ba 101 0 $aita 200 1 $aUnderstanding personal computer hardware$eeverything you need to know to be an informed PC User, PC Buyer, PC Upgrader$fSteven Roman 210 $aNew York$cSpringer$dc1998 215 $axxi, 440 p.$cill.$d24 cm 300 $acontiene 150 illustrazioni + 1 cd-rom 610 0 $aComputer science$aPc hardware 676 $a004.1 700 1$aRoman,$bSteven$057255 801 0$aIT$bUNINA$gRICA$2UNIMARC 901 $aBK 912 $a990001439850403321 952 $a004.1-ROM-1$b179$fSC1 959 $aSC1 996 $aUnderstanding personal computer hardware$933312 997 $aUNINA LEADER 01782nam 2200529Ia 450 001 9910711274403321 005 20180711120949.0 024 8 $aGOVPUB-C13-ddc96d02054d530d5f7059be228e4bee 035 $a(CKB)5470000002481275 035 $a(OCoLC)957470532 035 $a(OCoLC)995470000002481275 035 $a(EXLCZ)995470000002481275 100 $a20160829d1957 ua 0 101 0 $aeng 181 $ctxt$2rdacontent 182 $cc$2rdamedia 183 $acr$2rdacarrier 200 10$aFire test of steel deck floor system and beam /$fJ.V. Ryan 210 1$aGaithersburg, MD :$cU.S. Dept. of Commerce, National Institute of Standards and Technology,$d1957. 215 $a1 online resource 225 1 $aNBS report ;$v5375 300 $a1957. 300 $aContributed record: Metadata reviewed, not verified. Some fields updated by batch processes. 300 $aTitle from PDF title page. 320 $aIncludes bibliographical references. 606 $aConcrete$xFire testing 606 $aSteel, Heat resistant$xTesting 606 $aVermiculite$xFire testing 606 $aConcrete$xFire testing$2fast 606 $aSteel, Heat resistant$xTesting$2fast 615 0$aConcrete$xFire testing. 615 0$aSteel, Heat resistant$xTesting. 615 0$aVermiculite$xFire testing. 615 7$aConcrete$xFire testing. 615 7$aSteel, Heat resistant$xTesting. 700 $aRyan$b J. V$01387973 701 $aRyan$b J. V$01387973 712 02$aUnited States.$bNational Bureau of Standards. 801 0$bNBS 801 1$bNBS 801 2$bOCLCO 801 2$bOCLCQ 801 2$bOCLCF 906 $aBOOK 912 $a9910711274403321 996 $aFire test of steel deck floor system and beam$93534170 997 $aUNINA